| 000 | 01254cam a22003134a 4500 | ||
|---|---|---|---|
| 999 |
_c11011 _d11011 |
||
| 001 | 14092825 | ||
| 003 | OSt | ||
| 005 | 20191224152050.0 | ||
| 008 | 050830s2006 enka b 001 0 eng | ||
| 010 | _a 2005025376 | ||
| 020 | _a9780195691672 | ||
| 035 | _a(OCoLC)ocm61454026 | ||
| 040 |
_aDLC _cDLC _dBAKER _dBWKUK _dDLC |
||
| 042 | _apcc | ||
| 050 | 0 | 0 |
_aHB172.5 _b.C3685 2006 |
| 082 | 0 | 0 |
_a339 _222 _bCAR/M |
| 100 |
_aCarlin, Wendy _9744 |
||
| 245 | 1 | 0 |
_aMacroeconomics : _bimperfections, institutions, and policies / _cWendy Carlin and David Soskice. |
| 260 |
_aOxford ; _aNew York : _bOxford University Press, _c2006. |
||
| 300 |
_axlii, 810 p. : _bill. ; _c25 cm. |
||
| 504 | _aIncludes bibliographical references (p. [779]-788) and index. | ||
| 650 | 0 | _aMacroeconomics. | |
| 700 | 1 |
_aSoskice, David W., _d1942- _9757 |
|
| 856 | 4 | 1 |
_3Table of contents only _uhttp://www.loc.gov/catdir/toc/ecip0518/2005025376.html |
| 856 | 4 | 2 |
_3Publisher description _uhttp://www.loc.gov/catdir/enhancements/fy0640/2005025376-d.html |
| 906 |
_a7 _bcbc _corignew _d1 _eecip _f20 _gy-gencatlg |
||
| 942 |
_2ddc _cBK _h339 _iCAR/M _k339 _mCAR/M |
||